000 00504nam a2200181Ia 4500
003 GCL
008 140319s9999 xx 000 0 ara d
040 _aGCL /
_cGCL
082 0 4 _a895.1
_bش ف
100 1 _aمحمود عزت موسى
245 1 0 _aفتى عربه الركشة /
_cمحمود عزت موسى
700 1 _aمحمود عزت موسى(مترجم)
700 1 _aشو، لاو
490 _aكتاب
_v0
650 0 4 _aالادب العربى
650 0 4 _aالادب
942 _2ddc
_cBK
999 _c41883
_d41883